| 000 | 00851njm a2200337 c 4500 | ||
|---|---|---|---|
| 001 | a579 | ||
| 003 | DO-SdBNP | ||
| 005 | 20230317111145.0 | ||
| 007 | a579 | ||
| 008 | 160504s2009 mx d spa | ||
| 015 | _a | ||
| 017 |
_a _b |
||
| 020 | _a9789707311268 | ||
| 028 | 0 | 0 |
_a _b |
| 035 | _a | ||
| 040 |
_aBPMSU _bspa _cBPMSU _e |
||
| 082 | 4 |
_aA863.6 _bC827b 2009 _222 |
|
| 100 |
_aCortázar, Julio, _d1914-1984. |
||
| 245 | 1 | 0 |
_aBestiario / _cJulio Cortázar. |
| 260 |
_aMéxico : _bAfaguara, _c2009 |
||
| 300 |
_a149 p.; _e20 cm. |
||
| 490 | 0 |
_aPunto de lectura _v16/1 |
|
| 500 | _a | ||
| 590 | _6Inventariado, 2023/VM | ||
| 650 | 4 |
_aCuentos argentinos _2 |
|
| 650 | 4 |
_aPesadillas _vCuentos |
|
| 650 | 4 |
_aAnimales _vCuentos |
|
| 910 | _aVMATEO V. Control de calidad (BPMSU) | ||
| 942 |
_2ddc _cBK |
||
| 945 | _a | ||
| 999 |
_c10486 _d10486 |
||